000 00503nam a22001697a 4500
005 20240918104330.0
008 231208b |||||||| |||| 00| 0 eng d
020 _a9780409017502
041 _aEnglish
082 _a349 BUT
100 _lEnglish
245 _aButterworths and Forms and Precedents :
_b Insurance Law
260 _aDurban :
_bLexisNexis (Pty) Ltd,
_c1997
300 _bvii, 198 pages ;
_c26 cm.
650 _aLegal practice
_bLaw
942 _cBK
_6ALISON_BN_VRIES
999 _c1176
_d1176